000 00748nam a2200181Ia 4500
008 090630s9999 xx 000 0 und d
082 _b18416
100 _aघैसास दिवाकर अनंत.
245 _aदैनंदिनी तुकाराम गाथा.
_cघैसास दिवाकर अनंत.
260 _bमनोरमा - मुंबई.
_c2001
300 _a372
600 _aघैसास दिवाकर अनंत.
630 _aदैनंदिनी तुकाराम गाथा.
655 _aधार्मिक.
700 _aघैसास दिवाकर अनंत.
730 _aदैनंदिनी तुकाराम गाथा.
942 _cBOOK
999 _c270272
_d270272